MARC

Tag First Indicator Second Indicator Subfields
LEADER 00000cam a2200000Ia 4500
001 in00002312607
005 20190326203756.0
006 m | d |
007 cr |n||||||||n
008 910524s1753 enk s 000 0 eng d
040 |a DLM  |c GKS  |d OCL  |d Thomson Gale  |d UtOrBLW 
043 |a e-uk--- 
100 1 |a Griffiths, Roger. 
245 1 2 |a A profound meditation upon turnpikes. 
264 3 |a London :  |b Printed for R. Griffiths,  |c 1753. 
300 |a 1 unnumbered page, 60 pages 
336 |a text  |b txt  |2 rdacontent 
337 |a computer  |b c  |2 rdamedia 
338 |a online resource  |b cr  |2 rdacarrier 
500 |a Attributed to Roger Griffiths in NUC pre-1956. 
500 |a Reproduction of original from Goldsmiths' Library, University of London. 
500 |a Goldsmiths'-Kress number 08836. 
510 4 |a OCLC,  |c 23829549 
533 |a Electronic reproduction.  |b Farmington Hills, Mich. :  |c Thomson Gale,  |d 2005.  |f (The making of the modern world).  |n Available via the World Wide Web.  |n Access limited to licensing agreements.  |7 s2005 miunns 
500 |a Electronic resource. 
650 0 |a Toll roads  |z Great Britain. 
650 0 |a Roads  |z Great Britain  |x Maintenance and repair. 
655 0 |a Electronic books. 
830 0 |a Making of the modern world (Goldsmiths'-Kress Library of Economic Literature) 
856 4 0 |u http://proxy.library.tamu.edu/login?url=http://galenet.galegroup.com/servlet/MOME?af=RN&ae=U100961644&srchtp=a&ste=14&locID=txshracd2898  |z Connect to the full text of this electronic book  |t 0 
999 |a MARS 
999 f f |s bcf37787-313b-320f-8990-cc5ee307bcf6  |i 4d08caf0-8efa-3edb-88ca-51b10d0a32a8  |t 0 
952 f f |a Texas A&M University  |b College Station  |c Electronic Resources  |d Available Online  |t 0  |h No information provided 
998 f f |t 0  |l Available Online